00954nam a22002657a 450000500170000000800410001701000150005802000270007303500140010003700130011404000130012708200120014010000230015224500660017526000450024127000840028630000240037050000500039450000460044460000100049061000100050094200260051099900170053695201350055320111221095953.0111221t xxu||||| |||| 00| 0 eng d aENG-104399 a9789380388861c1095.00 aEN -87932 bDBAD/PUB aDPLbEng a361.954 936352aVerma, S.N. aPoverty welfare and the disciplinary states /cby S.N.Verma aNew DelhibD.P.S. Publishing Housec2011 aRoom No. 213, 7/28, Mahavir Street, Ansari Road, Darya Ganj,bNew Delhie110002 avi,287p.c22cm (Hb) aIncludes bibliographical references and index aSame ISBN as of History of medieval India 936476 936477 2ddccENmVERh361.954 c59718d59718 00102ddc40718NFICaDBADbDBADd2011-12-21eDBAD / PUBg1095.00l0o361.954 VERpEN -87932r2011-12-21 00:00:00t1v1095.00yEN